00438 a2200121 4500001000900000005001700009008004100026245008900067100002800156700004900184773006800233999001500301ART_774020260410161555.0260409a 10aServicios para brindar confiabilidad sobre información contable social y ambiental1 aCanetti, Miguel Marcelo1 aRodríguez de Ramírez, María del Carmen0 tProfesional & Empresariag- Año X, Nº 111 (dic. 2008)wREV70 c9183d9183